000 00324nam a22000977a 4500
999 _c3005
_d3005
008 191111b ||||| |||| 00| 0 eng d
100 _aCherrystone Auction Galaries
245 _aThe New amsterday Collection United States Stamps Auction July 10, 2019
260 _bCherrystone Auction Galaries
_c2019
650 _aU Classic Issues